| 000 | 00558nam a2200205 a 4500 | ||
|---|---|---|---|
| 001 | 13783 | ||
| 003 | CO-ViMGA | ||
| 008 | 141112s2004 ck r 000 u spa d | ||
| 020 | _a9580504113 | ||
| 040 |
_aCO-ViMGA _bspa _cCO-ViMGA |
||
| 082 | _aPERbd | ||
| 100 | 1 | _aPerrault, Charles | |
| 245 | 1 | 0 | _aLa Bella durmiente del bosque |
| 260 |
_aSantafé de Bogotá : _bEducar Cultural Recreativa, _c1989 |
||
| 300 | _a24 | ||
| 490 | _aCuentos para soñar | ||
| 590 | _aForma de adquisición : Compra | ||
| 650 | 1 | 4 |
_aCUENTOS INFANTILES _92743 |
| 942 |
_2ddc _cBK |
||
| 999 |
_c11470 _d11470 |
||